000 01101na a2200241 4500
001 22094
003 MIRAKIL
005 20181213155223.0
008 170210b tu 000 0
020 _a9751903009
040 _aMilas
_btur
_cTR-AnCHP
041 _atur
_aeng
082 _a339.2
_bG34 1987
090 _a339.2 G34 1987
245 _aGelir dağılımı =Income dıstrıbutıon
_bHane halkı gelir ve tüketim harcamaları anketi sonuçları =Household ıncome and consumptıon expendıtures survey results
_cDevlet İstatistik Enstitüsü
246 _aHane halkı gelir ve tüketim harcamaları anketi sonuçları =Household ıncome and consumptıon expendıtures survey results
260 _aAnkara
_bDevlet İstatistik Enstitüsü
_c1990
_fDevlet İstatistik Enstitüsü matbaası
300 _a702 s.
_btbl.
_c28 sm.
490 _aDevlet İstatistik Enstitüsü
_v1441
650 _aGelir dağılımı
_xTürkiye
_y1987
740 _aHane halkı gelir ve tüketim harcamaları anketi sonuçları =Household ıncome and consumptıon expendıtures survey results
942 _2ddc
_cBKS
999 _c8747
_d8747